Detalles MARC
| 000 -LÍDER |
| Campo fijo de descripción fija |
02727cam a2200373 i 4500 |
| 001 - NÚMERO DE CONTROL |
| Campo de control |
768714001 |
| 003 - IDENTIFICADOR DEL NÚMERO DE CONTROL |
| Campo de control |
CO-MdFUSB |
| 005 - FECHA Y HORA DE LA ULTIMA TRANSACCIÓN |
| control field |
20220319100717.0 |
| 007 - CAMPO FIJO DE DESCRIPCIÓN FIJA--INFORMACIÓN GENERAL |
| Campo fijo de descripción fija |
ta |
| 008 - ELEMENTOS DE LONGITUD FIJA -- INFORMACIÓN GENERAL |
| Campo fijo de descripción fija -- Información general |
120702s2012 mau b 101 0 eng |
| 020 ## - NÚMERO INTERNACIONAL NORMALIZADO PARA LIBROS |
| Número Internacional Normalizado del libro |
1444361937 |
| 040 ## - FUENTE DE CATALOGACIÓN |
| Agencia de catalogación original |
DLC |
| Idioma de catalogación |
eng |
| Agencia que realiza la transcripción |
CO-MdFUSB |
| Agencia que realiza la modificación |
YDX |
| -- |
LNT |
| -- |
YDXCP |
| -- |
OCLCO |
| -- |
BWX |
| -- |
LML |
| -- |
NhCcYME |
| Convenciones de la descripción |
rda |
| 041 ## - CÓDIGO DE IDIOMA |
| Código de idioma para texto/pista de sonido o título separado |
eng |
| 082 ## - NÚMERO DE CLASIFICACIÓN DECIMAL DEWEY |
| Número de la edición del Dewey |
23 |
| Número de clasificación |
202.2 |
| Clave de autor-Numero de item |
F174 |
| 245 00 - TÍTULO |
| Título del Material |
Faith, rationality, and the passions |
| Mención de responsabilidad, etc. |
/ Sarah Coakley. |
| 264 #1 - PRODUCCIÓN, PUBLICACIÓN, DISTRIBUCIÓN, MANUFACTURA, Y COPYRIGHT |
| Lugar de producción, publicación, distribución, manufactura |
Malden, MA : |
| Nombre del productor, publicador, distribuidor |
Wiley-Blackwell, |
| Fecha de producción, publicación, distribución, manufactura, o copyright |
[2012] |
| 264 #4 - PRODUCCIÓN, PUBLICACIÓN, DISTRIBUCIÓN, MANUFACTURA, Y COPYRIGHT |
| Fecha de producción, publicación, distribución, manufactura, o copyright |
© 2012 |
| 300 ## - DESCRIPCIÓN FÍSICA |
| Extensión |
vi, 264 páginas ; |
| Dimensiones |
23 cm. |
| 336 ## - TIPO DE CONTENIDO |
| Término de tipo de contenido |
texto |
| Código de tipo de contenido |
txt |
| Fuente |
rdacontent. |
| 337 ## - TIPO DE MEDIO |
| Nombre del tipo de medio |
sin mediación |
| Código del tipo de medio |
n |
| Fuente |
rdamedia. |
| 338 ## - TIPO DE SOPORTE |
| Nombre del tipo de soporte |
volumen |
| Código Tipo de soporte |
nc |
| Fuente |
rdacarrier. |
| 490 1# - MENCIÓN DE SERIE |
| Mención de serie |
Directions in modern theology book series. |
| 504 ## - NOTA DE BIBLIOGRAFÍA, ETC. |
| Nota de bibliografía, etc |
Incluye referencias bibliográficas e indice. |
| 505 ## - NOTA DE CONTENIDO |
| Nota de contenido con formato preestablecido |
Razón, fe y sentido. -- La invención del fanatismo. -- La llegada tardía del lenguaje: palabra, naturaleza y lo divino en el crátilo de Platón. -- Evagrius ponticus y la tradición monástica oriental sobre el intelecto y las pasiones. -- Lágrimas y llantos: una mirada agustiniana. -- El carácter no aristotélico de la ética de tomón: tomón sobre las pasiones. -- ¿Despegamiento escéptico o sumisión amorosa al bien? la razón, la fe y las pasiones en descartes. -- Hume versus Kant: fe, razón y sentimiento. -- Kant, las pasiones y la estructura de la motivación moral. -- "el monstruoso centauro"? Joseph de Maistre sobre la razón, la pasión y la violencia. -- Kierkegaard sobre la fe, la razón y la pasión. -- Pasiones repugnantes. -- Wittgenstein sobre la fe, la racionalidad y las pasiones. -- Psicología y racionalidad de la emoción. -- La neurociencia de la emoción y el razonamiento en contextos sociales: implicaciones para la teología moral. -- Emociones intelectuales y emociones religiosas. |
| 520 ## - NOTA DE RESUMEN, ETC. |
| Nota de sumario, etc. |
Fe, racionalidad y pasiones presenta un examen fresco y original de la relación entre la fe religiosa, la racionalidad filosófica y las pasiones. Las contribuciones ven a los principales académicos refutar la creencia generalizada de que la Ilustración religiosa obligó a separar la pasión y la razón. Destacados expertos filosóficos ofrecen nueva investigación sobre la relación entre la fe, la razón y las pasiones en figuras clásicas y de la Ilustración Anula la suposición generalizada de que la Ilustración fue responsable de crear un abismo entre la razón y la pasión. |
| 650 #7 - ASIENTO SECUNDARIO DE MATERIA - TERMINO TEMÁTICO |
| Término temático o nombre geográfico como elemento de entrada |
Fe y razón |
| 9 (RLIN) |
532 |
| 650 #0 - ASIENTO SECUNDARIO DE MATERIA - TERMINO TEMÁTICO |
| Término temático o nombre geográfico como elemento de entrada |
Religión |
| Subdivisión general |
Filosofía |
| 9 (RLIN) |
1052 |
| 653 ## - TÉRMINO DE INDIZACIÓN - NO CONTROLADO |
| Término no controlado |
Emociones |
| 700 1# - ASIENTO SECUNDARIO - NOMBRE PERSONAL |
| Nombre personal |
Coakley, Sarah, |
| Fechas asociadas con el nombre |
1951- |
| Responsabilidad |
editor |
| 830 #0 - PUNTO DE ACCESO ADICIONAL DE SERIE - TÍTULO UNIFORME |
| Título uniforme |
Directions in modern theology. |
| 942 ## - TIPO DE MATERIAL (KOHA) |
| Tipo de Item KOHA |
Libros General |
| 945 ## - INFORMACIÓN LOCAL DEL REGISTRO |
| Catalogador |
JTF-925 |